Leasing agricultural land (Record no. 11327)

000 -LEADER
fixed length control field 01207nam a2200217Ia 4500
020 ## - INTERNATIONAL STANDARD BOOK NUMBER
ISBN 9251051674 (pbk.)
040 ## - CATALOGING SOURCE
Transcribing agency FQG
082 ## - DEWEY DECIMAL CLASSIFICATION NUMBER
Classification number 333 FOO 2004 A015 Or.
245 10 - TITLE STATEMENT
Title Leasing agricultural land
260 ## - PUBLICATION, DISTRIBUTION, ETC. (IMPRINT)
Place of publication Rome :
Name of publisher Food and Agriculture Organization of the United Nations,
Year of publication c2004
300 ## - PHYSICAL DESCRIPTION
Number of Pages 21 p. :
Other physical details ill. ;
Dimensions 21 cm
500 ## - GENERAL NOTE
General note "The information in this guide is based on FAO's Land Tenure Studies Number 2: 'Good practice guidelines for agricultural leasing arrangements'"--P. 1
500 ## - GENERAL NOTE
General note "TC/M/Y5513E/1/07.04/1130"--P. [4] of cover
520 ## - SUMMARY, ETC.
Summary, etc Fair and secure leasing arrangements that balance the interests of the tenant and the land owner can lead to improvements in access to land for farming, better agricultural production and improved access to food. This guide is intended primarily to support those who work with small farmers by providing information on "good practices" for leasing land, and advice on how this information could be adapted to fit local conditions
650 #0 - SUBJECT ADDED ENTRY--TOPICAL TERM
Topical Term Leases
650 #0 - SUBJECT ADDED ENTRY--TOPICAL TERM
Topical Term Farm tenancy
650 #0 - SUBJECT ADDED ENTRY--TOPICAL TERM
Topical Term Landlord and tenant
650 #0 - SUBJECT ADDED ENTRY--TOPICAL TERM
Topical Term Agricultural contracts
710 2# - ADDED ENTRY--CORPORATE NAME
Corporate name or jurisdiction name as entry element Food and Agriculture Organization of the United Nations
942 ## - ADDED ENTRY ELEMENTS (KOHA)
Koha item type សៀវភៅភាសាអង់គ្លេស
952 ## - LOCATION AND ITEM INFORMATION (KOHA)
Withdrawn status [LOCAL, KOHA] 0
Holdings
Permanent Location Date acquired Koha item type Lost status Shelving location Barcode Current Location Full call number
Library Block A2017-08-01សៀវភៅភាសាអង់គ្លេស A015A10444Library Block A333 FOO 2004 A015 Or.
មជ្ឈមណ្ឌលឯការនៃសាកលវិទ្យាល័យភូមិន្ទកសិកម្មចំការដូង

Powered by Koha